000
00303nam a2200121Ia 4500
008
190802s9999 xx 000 0 und d
020
_a
0-380-72729-3
100
_a
Robert C. Atkins
245
0
_a
Dr. Atkin new diet Revolution
260
_a
New York
_b
Aven Books ICN
_c
1992
300
_a
446:p
942
_c
BK
999
_c
2455
_d
2455